000 01330nam a2200325 i 4500
001 000047704
003 DO-SdBNP
005 20241025112822.0
007 ta
008 110406s2009 dr r 000 0 spa d
020 _a9789945020625
040 _aDO-SdBNP
_bspa
_cBNPHU
_erda
082 4 _a923.27293
_bD812i, 2009
_222
100 1 _aJimenes Grullón, Juan Isidro,
_d1903-1983
_eautor
_4aut.
_92482
245 1 3 _aLa ideología revolucionaria de Juan Pablo Duarte /
_cJuan Isidro Jimenez Grullón ; editor, Tomás Castro Burdiez.
250 _aCuarta edición
264 4 _aSanto Domingo :
_bEditora Fundación para la Educación y el Arte (EDUCARTE),
_c2009.
300 _a69 páginas ;
_c24 cm.
336 _atexto
_btxt
_2rdacontent
337 _asin mediación
_bn
_2rdamedia
338 _avolumen
_bnc
_2rdacarrier
490 1 _aCuadernos populares
_v1
500 _aIncluye referencias bibliográficas y notas al pie de las páginas
505 0 _aPresentación --
_tIntroducción --
_tLa ideología revolucionaria de Juan Pablo Duarte. Orígenes y manifestaciones --
_tBibliografía.
590 _aInventariado, 2018/VM
600 1 4 _aDuarte, Juan Pablo,
_d1813-1876
_91494
651 4 _aRepública Dominicana
_xHistoria
_vBiografías
_975306
700 _aCastro, Tomás,
_d1959-
_eeditor
_4ed.
_924641
942 _2ddc
_cLBS1
999 _c47192
_d47192